Oxford Companion to the Bible (Record no. 11625)

MARC details
000 -LEADER
fixed length control field 00581nam a2200229 a 4500
020 ## - INTERNATIONAL STANDARD BOOK NUMBER
ISBN 0196455
082 00 - DEWEY DECIMAL CLASSIFICATION NUMBER
Classification number 220.7
Author Cutter MET
100 ## - MAIN ENTRY--AUTHOR NAME
Author name Metzger, Bruce M
245 ## - TITLE STATEMENT
Title Oxford Companion to the Bible
260 ## - PUBLICATION, DISTRIBUTION, ETC. (IMPRINT)
Place of publication Londan
Name of publisher Oxford University Press
Year of publication 1993
300 ## - PHYSICAL DESCRIPTION
Number of Pages 874p
500 ## - GENERAL NOTE
General note includes index and biblioraphy
505 2# - FORMATTED CONTENTS NOTE
Formatted contents note Index, Bible Maps
650 ## - SUBJECT ADDED ENTRY--TOPICAL TERM
Topical Term Bible-Commentaries
942 ## - ADDED ENTRY ELEMENTS (KOHA)
Koha item type Books
Holdings
Collection code Home library Current library Shelving location Date acquired Cost, normal purchase price Full call number Accession Number Koha item type
Reference Henry Martyn Institute Library Henry Martyn Institute Library Reference 06/18/2007 490.00 220.7 MET 015438 Books
                   Copyright © 2026 | Henry Martyn Institute | Hyderabad | TS-500052 | INDIA | Implemented by hmi.edu.in
Hit-Count:

Powered by Koha